000 00967cam a2200277 a 4500
001 000014678
003 OSt
005 20250617115200.0
008 040727s2002 pr ac b 001 0 spa
040 _aDO-SdBNP
_bspa
_cBNPHU
082 _a305.567
_bL864a
100 1 _aLópez Valdés, Rafael L.,
_d1941-
_933265
245 1 0 _aAfricanos de Cuba /
_cRafael L. López Valdés ; prólogo Ricardo E. Alegría.
260 _aSan Juan, Puerto Rico :
_bCentro de Estudios Avanzados de Puerto Rico y el Caribe,
_c2002.
300 _a324 p. :
_bil., retrs. ;
_c26 cm.
500 _aIncluye índice
504 _aBibliografía : p. 295-310
590 _aInventariado, 2020/ YL
650 0 _aEsclavitud
_zCuba
_913499
650 4 _aEtnología
_zÁfrica.
_933266
650 0 _aTrata de esclavos
_zÁfrica
_xHistoria
_921366
650 0 _aTrata de esclavos
_zCuba
_xHistoria.
_921366
700 1 _aAlegría, Ricardo E.
_epról.
_916236
910 _aEn proceso
942 _2ddc
_cLF1
999 _c14262
_d14262